000 00604nas a2200193 i 4500
001 43354
003 ES-MaACL
005 20250217134822.0
007 t|
008 030317d1966 es | |001 |lat d
110 2 _aJesuitas.
_bViceprovincia Centro-Americana.
_9165690
245 1 0 _aCatalogus viceprovinciae centroamericanae Societatis Iesu ineunte anno.
260 _a[San Salvador?] :
_bViceprovincia centroamericana Societatis Iesu,
_c[1966]
300 _a1 v. (63 p.) ;
_c21 cm.
610 2 4 _aJesuitas-
_yS.XX.
_95362
852 _aES-MaACL
_jC-32810
866 0 _o1966.
999 _c43354
_d43354